000 00293nam a22001337a 4500
008 181207b xxu||||| |||| 00| 0 eng d
020 _a9780697100528
041 _aeng
080 _a611
100 _a7
101 _aANA
245 _aAnatomy & Physiology
_cGunstream,S.E
942 _2udc
_cBK
999 _c53012
_d53012